[Event "11th LCC FIDE Open 2019"]
[Site "London"]
[Date "2019.12.03"]
[Round "6.38"]
[White "Cordes, Hans-Joerg"]
[Black "Walker, Samuel A"]
[Result "1/2-1/2"]
[WhiteElo "2207"]
[BlackElo "2039"]
[Annotator "TA"]
[PlyCount "94"]
[EventDate "2019.11.29"]
[EventType "swiss"]
[EventCountry "ENG"]
[SourceTitle "playchess.com"]
[Source "ChessBase"]
[SourceQuality "1"]

{[%evp 16,94,25,5,32,27,29,-17,-14,-13,0,0,-7,-10,-7,-58,0,-19,60,49,65,70,73,27,27,28,49,38,51,15,43,0,21,7,12,17,54,0,61,39,62,65,171,181,183,142,136,137,125,43,35,-65,0,-98,-98,-241,-233,-740,0,0,0,0,0,0,0,0,0,0,0,-133,-110,-116,0,0,0,-95,0,0,0,0,0]} 1. d4 Nf6 2. c4 g6 3. Nc3 d5 4. cxd5 Nxd5 5. g3 Bg7 6. Bg2 Nb6 7. e3 O-O 8. Nge2 e5 9. O-O c6 {D71: Fianchetto Grünfeld: 3 g3 d5 sidelines and 5 cxd5 (without Nf3)} 10. b3 Bg4 (10... exd4 11. exd4 Re8 12. Bf4 Na6 13. Qd2 Nc7 14. Bg5 Bf6 15. Bxf6 Qxf6 16. Ne4 Qg7 17. Rae1 {½-½ (142) Riazantsev,A (2666)-Deac,B (2559) Douglas 2017}) 11. Qc2 exd4 $146 ({Predecessor:} 11... Na6 12. Ba3 Re8 13. dxe5 Bxe5 14. Rad1 Qc7 15. Rd2 Rad8 16. Rfd1 Rxd2 17. Rxd2 {½-½ (32) Ahrends,N (2068)-Schaffer,H (2249) Frankfurt 2005}) 12. Nxd4 c5 13. Ndb5 Nc6 {And now ...a6 would win.} 14. Bb2 Nb4 15. Qe4 (15. Qb1 $1 $11) 15... Bf5 (15... Qd7 $1 $15) 16. Qf3 Nd3 ({Black should try} 16... Qd2 $11 17. e4 Bd7) 17. Rad1 $14 Qb8 18. Ba1 a6 {[#]} 19. Nd6 $1 {[%mdl 512]} Qxd6 20. e4 Bd7 21. Rxd3 Qe7 22. Rfd1 Rad8 23. Qe3 Be6 24. e5 Rxd3 25. Rxd3 c4 26. Rd2 (26. Rd6 $14 Nc8 27. Nd5 Bxd5 28. Rxd5) 26... Nd7 (26... Qb4 $11) 27. Nd5 ({But not} 27. Bxb7 Nxe5 28. Bg2 cxb3 $11) 27... Bxd5 28. Bxd5 {Strongly threatening e6.} Nc5 (28... Nxe5 $14 29. bxc4 Qc7) 29. bxc4 $18 b5 30. cxb5 axb5 31. f4 Ne6 32. Bc6 (32. Kg2 $16) 32... Rc8 $14 33. Rd6 ({Better is} 33. Bf3 $14) 33... Bf8 (33... Qc7 $15 34. Bxb5 Qc1+ 35. Qxc1 Rxc1+ 36. Kg2 Rxa1) 34. Bxb5 (34. Bd7 $1 $11 {keeps the balance.} Rc2 35. Bc3) 34... Qb7 $17 35. a4 (35. Bd3 $17) 35... Rc2 $19 {[%csl Gc2][%cal Rb7g2]} 36. Be2 $2 (36. Bf1 Qb4 37. a5) 36... Qb1+ $2 (36... Bxd6 $19 37. exd6 Qb1+ {[%mdl 64] Double Attack} 38. Kf2 Qxa1) 37. Rd1 $11 Qa2 $40 {[%mdl 128] Black has some attack.} 38. Kf1 $1 Qxa4 39. Bc3 Qc6 (39... Qa8 $5 40. Bf3 $8 Qa3 $11) 40. Bd2 $1 Qh1+ 41. Qg1 Qd5 42. Be3 {[#]} (42. Qg2 $1 $11 {was the only way to keep the balance.} Qd4 43. Be1) 42... Qe4 $1 $17 {[%mdl 1024] Hoping for ...Bc5. Black has strong compensation.} 43. Qf2 Qh1+ 44. Qg1 Qe4 {...Bc5 is the strong threat.} 45. Qf2 $1 {[#]} Qh1+ (45... Rc3 $1 $17 {[%cal Rc3e3]} 46. Bd2 Qh1+ 47. Qg1 Rf3+ 48. Bxf3 Qxf3+ {[%mdl 64] Double Attack} 49. Ke1 Bc5) 46. Qg1 $11 Qc6 47. Qf2 Qh1+ {Accuracy: White = 33%, Black = 34%.} 1/2-1/2

[Event "11th LCC FIDE Open 2019"]
[Site "London"]
[Date "2019.12.03"]
[Round "6.39"]
[White "Brozel, Sacha"]
[Black "Sarpotdar, Amogh"]
[Result "1-0"]
[WhiteElo "2188"]
[BlackElo "2015"]
[Annotator "NA"]
[PlyCount "54"]
[EventDate "2019.11.29"]
[EventType "swiss"]
[EventCountry "ENG"]
[SourceTitle "playchess.com"]
[Source "ChessBase"]
[SourceQuality "1"]
[TimeControl "40/5400+30:1800+30"]

1. c4 {[%emt 0:01:10]} Nf6 {[%emt 0:00:00]} 2. g3 {[%emt 0:00:08]} e6 {[%emt 0:00:00]} 3. Bg2 {[%emt 0:00:11]} d5 {[%emt 0:00:00]} 4. Nf3 {[%emt 0:00:07]} c5 {[%emt 0:00:13]} 5. O-O {[%emt 0:00:12]} Be7 {[%emt 0:00:08]} 6. d4 {[%emt 0:05:28]} O-O {[%emt 0:00:19]} 7. cxd5 {[%emt 0:05:18]} exd5 {[%emt 0:00:11]} 8. Nc3 {[%emt 0:01:46]} Nc6 {[%emt 0:03:35]} 9. Bg5 {[%emt 0:01:30]} c4 {[%emt 0:00:56]} 10. Ne5 {[%emt 0:07:07]} Be6 {[%emt 0:00:29]} 11. Nxc6 {[%emt 0:02:05]} bxc6 {[%emt 0:00:11]} 12. b3 {[%emt 0:03:11]} Qa5 {[%emt 0:03:57]} 13. Qd2 {[%emt 0:08:28]} Bb4 {[%emt 0:19:09]} 14. Bxf6 {[%emt 0:00:47]} gxf6 {[%emt 0:00:44]} 15. Rfc1 {[%emt 0:01:34]} Ba3 {[%emt 0:03:06]} 16. Rc2 {[%emt 0:02:12]} Rad8 {[%emt 0:02:24]} 17. Qf4 {[%emt 0:21:09]} Bd6 {[%emt 0:03:17]} 18. Qc1 {[%emt 0:03:27]} Bf5 {[%emt 0:11:01]} 19. e4 {[%emt 0:01:05]} dxe4 {[%emt 0:00:59]} 20. Nxe4 {[%emt 0:04:49]} Kg7 {[%emt 0:08:54]} 21. Nxd6 {[%emt 0:05:26]} Rxd6 {[%emt 0:04:16]} 22. Rxc4 {[%emt 0:00:09]} Qb6 {[%emt 0:02:59]} 23. Qf4 {[%emt 0:00:30]} Rd5 {[%emt 0:00:55]} 24. Rac1 {[%emt 0:01:34]} Be6 {[%emt 0:00:21]} 25. Rxc6 {[%emt 0:00:58]} Qb4 {[%emt 0:03:35]} 26. Bxd5 {[%emt 0:00:18]} Bxd5 {[%emt 0:00:04]} 27. Qxf6+ {[%emt 0:00:10]} Kg8 {[%emt 0:00:03]} 1-0

[Event "11th LCC FIDE Open 2019"]
[Site "London"]
[Date "2019.12.03"]
[Round "6.40"]
[White "Korning, Peter"]
[Black "Osborne, Marcus E"]
[Result "1/2-1/2"]
[WhiteElo "1957"]
[BlackElo "2166"]
[Annotator "TA"]
[PlyCount "136"]
[EventDate "2019.11.29"]
[EventType "swiss"]
[EventCountry "ENG"]
[SourceTitle "playchess.com"]
[Source "ChessBase"]
[SourceQuality "1"]

{[%evp 13,136,-26,-20,-29,-25,-33,-30,-24,-29,-34,-5,-1,0,0,0,0,0,0,0,0,0,0,-3,-26,-16,-35,-10,-35,-35,-34,-12,-10,-12,-17,0,-58,-64,-72,-72,-74,-72,-85,-85,-85,-85,-86,-85,-99,-99,-100,-80,-75,-64,-66,-66,-66,-54,-59,-45,-45,-36,-45,0,-45,0,-45,0,0,0,0,0,0,0,0,0,-14,0,0,0,0,0,-2,0,0,0,0,0,0,0,0,0,0,0,0,0,0,0,0,0,0,0,0,0,0,0,0,0,0,0,0,0,0,0,0,0,0,0,0,0,0,0,0,0,0,0]} 1. e4 c5 2. d4 cxd4 3. c3 Nf6 4. e5 Nd5 5. Nf3 Nc6 6. cxd4 d6 7. exd6 Qxd6 8. Na3 {B22: Sicilian: 2 c3} (8. Nc3 Bg4 9. Be2 e6 10. O-O Be7 11. Be3 O-O 12. Qb3 Rfd8 13. Rac1 Rab8 14. Rfd1 Nf4 15. Bxf4 Qxf4 16. d5 Bxf3 17. Bxf3 Nd4 18. Rxd4 Qxc1+ 19. Rd1 Qh6 {½-½ (33) Mamedov,R (2627)-Avrukh,B (2656) Cala Mayor 2008}) 8... Bg4 9. Be2 e6 10. O-O {Black has an edge.} Rd8 $146 ({Predecessor:} 10... Nb6 11. Nb5 Qd8 12. h3 Bh5 13. Ne5 Bxe2 14. Qxe2 a6 15. Nxc6 bxc6 {½-½ (26) Samaranayake,K (1885)-Anojman,S (1675) Colombo 2018}) 11. Nc4 Qb8 12. Nce5 Bxf3 13. Bxf3 Nxe5 14. dxe5 Be7 15. Qe2 O-O 16. Bd2 Rd7 17. Rad1 Rfd8 18. Be4 g6 19. Bb1 Qc7 20. g3 Nb4 21. Bc3 Rxd1 (21... Bc5 {is more complex.} 22. Rxd7 Rxd7 23. Bxb4 Bxb4 24. Bd3 Rd4) 22. Rxd1 Rxd1+ 23. Qxd1 Nd5 24. Qe1 (24. Bd4 $11) 24... Bc5 $15 25. Be4 Nxc3 26. Qxc3 b5 {[%cal Bb7b5,Bb5b4][%mdl 32]} 27. Kg2 b4 28. Qc4 Qxe5 29. Bf3 a5 {[%cal Ba7a5,Ba5a4][%mdl 32]} 30. h4 a4 31. h5 gxh5 32. Qh4 Bd4 33. b3 a3 34. Bxh5 Qc5 35. Qg4+ Bg7 36. Qf3 Qa7 37. Qe4 Qd4 38. Qf3 (38. Qb7 $5 {[%cal Rb7f7]} Qd5+ 39. Qxd5 exd5 40. Bf3 $11) 38... Bf6 (38... Qf6 {looks sharper.} 39. Qg4 Qe5 40. Qf3 Bf6 41. Qg4+ Qg5) 39. Qa8+ (39. Qb7 {keeps more tension.} Qd5+ 40. Qxd5 exd5 41. Bf3 d4 42. Be2) 39... Kg7 (39... Qd8 {feels hotter.} 40. Qf3 Qe7 41. Qg4+ Bg7 42. Kg1 Qc5) 40. Qb7 {The position is equal.} Qd5+ 41. Qxd5 exd5 $11 {[%mdl 4096] Endgame KB-KB} 42. Bf3 d4 43. Be4 Be7 44. Kf3 h6 45. Ke2 Kf6 46. Kd3 Kg5 47. Kxd4 f5 48. Bf3 Bf6+ 49. Ke3 Be5 50. Be2 {[#] Threatens to win with f4+.} Bc3 (50... f4+ {with more complications.} 51. gxf4+ Bxf4+ 52. Ke4 Bc7 53. Bd1 Bd6) 51. f4+ Kf6 52. g4 Bb2 53. gxf5 Kxf5 54. Kf3 Bc1 55. Bd3+ Ke6 56. Ke4 h5 57. Be2 h4 58. Bg4+ Kf6 59. Bh3 Ke7 60. Bg4 Kd6 61. Bh3 Kc5 62. Bg4 Bxf4 63. Kxf4 {KB-K3P} Kd4 $1 64. Bh3 Kd3 65. Kf3 Kc3 66. Ke3 Kb2 67. Kd2 Kxa2 68. Kc2 Ka1 {Accuracy: White = 60%, Black = 68%.} 1/2-1/2

[Event "11th LCC FIDE Open 2019"]
[Site "London"]
[Date "2019.12.03"]
[Round "6.41"]
[White "Mata, Adilson"]
[Black "Pasztor, Balazs"]
[Result "0-1"]
[WhiteElo "1928"]
[BlackElo "2166"]
[Annotator "ChessBase"]
[PlyCount "102"]
[EventDate "2019.11.29"]
[EventType "swiss"]
[EventCountry "ENG"]
[SourceTitle "playchess.com"]
[Source "ChessBase"]
[SourceQuality "1"]
[TimeControl "40/5400+30:1800+30"]

1. e4 {[%emt 0:02:12]} e5 {[%emt 0:00:00]} 2. Nf3 {[%emt 0:00:07]} Nc6 {[%emt 0:00:00]} 3. d4 {[%emt 0:00:10]} exd4 {[%emt 0:00:08]} 4. Nxd4 {[%emt 0:00:08]} Bc5 {[%emt 0:00:47]} 5. Nb3 {[%emt 0:00:18]} Bb6 {[%emt 0:00:34]} 6. Nc3 {[%emt 0:00:16]} Nf6 {[%emt 0:01:25]} 7. Bg5 {[%emt 0:01:25]} h6 {[%emt 0:05:20]} 8. Bh4 {[%emt 0:01:12]} d6 {[%emt 0:01:13]} 9. Bb5 {[%emt 0:06:33]} Bd7 {[%emt 0:12:01]} 10. Qe2 {[%emt 0:07:21]} g5 {[%emt 0:13:36]} 11. Bg3 {[%emt 0:00:31]} Qe7 {[%emt 0:03:43]} 12. O-O-O {[%emt 0:03:43]} O-O-O {[%emt 0:03:23]} 13. h4 {[%emt 0:05:53]} Ne5 {[%emt 0:14:27]} 14. Bxd7+ {[%emt 0:07:08]} Nexd7 {[%emt 0:00:25]} 15. a4 {[%emt 0:01:02]} a6 {[%emt 0:07:33]} 16. a5 {[%emt 0:09:41]} Ba7 {[%emt 0:00:34]} 17. Nd4 {[%emt 0:00:25]} Ne5 {[%emt 0:10:31]} 18. Nf5 {[%emt 0:10:58]} Qe6 {[%emt 0:03:01]} 19. b3 {[%emt 0:05:03]} Nc6 {[%emt 0:02:43]} 20. Rhe1 {[%emt 0:04:28]} Bc5 {[%emt 0:07:38]} 21. Nd5 {[%emt 0:01:51]} Nxd5 {[%emt 0:02:38]} 22. exd5 {[%emt 0:05:30]} Ba3+ {[%emt 0:02:29]} 23. Kb1 {[%emt 0:00:12]} Qf6 {[%emt 0:01:25]} 24. c3 {[%emt 0:04:16]} Qxf5+ {[%emt 0:01:22]} 25. Ka2 {[%emt 0:00:23]} Nb4+ {[%emt 0:02:30]} 26. cxb4 {[%emt 0:04:00]} Bxb4 {[%emt 0:00:05]} 27. Qe4 {[%emt 0:00:19]} Qxe4 {[%emt 0:00:21]} 28. Rxe4 {[%emt 0:00:07]} Bxa5 {[%emt 0:00:48]} 29. b4 {[%emt 0:02:03]} f5 {[%emt 0:00:39]} 30. Rc4 {[%emt 0:02:37]} b5 {[%emt 0:01:08]} 31. Rcd4 {[%emt 0:00:26]} Bb6 {[%emt 0:00:10]} 32. R4d2 {[%emt 0:00:08]} Rde8 {[%emt 0:01:09]} 33. Rc1 {[%emt 0:01:09]} f4 {[%emt 0:00:30]} 34. Bh2 {[%emt 0:00:13]} Re4 {[%emt 0:00:44]} 35. Kb3 {[%emt 0:00:56]} Rhe8 {[%emt 0:01:04]} 36. Rcc2 {[%emt 0:03:05]} Re1 {[%emt 0:00:23]} 37. f3 {[%emt 0:01:19]} R8e3+ {[%emt 0:00:38]} 38. Rc3 {[%emt 0:01:04]} Rxc3+ {[%emt 0:00:45]} 39. Kxc3 {[%emt 0:00:07]} Be3 {[%emt 0:00:08]} 40. Ra2 {[%emt 0:00:13]} gxh4 {[%emt 0:00:28]} 41. Kd3 {[%emt 0:30:43]} Rh1 {[%emt 0:30:19]} 42. g4 {[%emt 0:00:22]} hxg3 {[%emt 0:00:00]} 43. Bxg3 {[%emt 0:00:00]} Rd1+ {[%emt 0:00:00]} 44. Ke2 {[%emt 0:00:00]} Rxd5 {[%emt 0:00:00]} 45. Be1 {[%emt 0:00:00]} Kb7 {[%emt 0:00:00]} 46. Bc3 {[%emt 0:00:00]} c5 {[%emt 0:00:00]} 47. Be1 {[%emt 0:00:00]} c4 {[%emt 0:00:00]} 48. Bc3 {[%emt 0:00:00]} Rh5 {[%emt 0:00:00]} 49. Kf1 {[%emt 0:00:00]} d5 {[%emt 0:00:00]} 50. Bf6 {[%emt 0:00:00]} d4 {[%emt 0:00:00]} 51. Rg2 {[%emt 0:00:00]} Rh1+ {[%emt 0:00:00]} 0-1

[Event "11th LCC FIDE Open 2019"]
[Site "London"]
[Date "2019.12.03"]
[Round "6.42"]
[White "Patel, Rishi"]
[Black "Stanisz, Patryk"]
[Result "0-1"]
[WhiteElo "1899"]
[BlackElo "2139"]
[Annotator "NA"]
[PlyCount "56"]
[EventDate "2019.11.29"]
[EventType "swiss"]
[EventCountry "ENG"]
[SourceTitle "playchess.com"]
[Source "ChessBase"]
[SourceQuality "1"]
[TimeControl "40/5400+30:1800+30"]

1. e4 {[%emt 0:00:00]} c5 {[%emt 0:02:31]} 2. Ne2 {[%emt 0:00:04]} a6 {[%emt 0:00:04]} 3. g3 {[%emt 0:00:14]} d5 {[%emt 0:03:48]} 4. e5 {[%emt 0:01:55]} Nc6 {[%emt 0:02:28]} 5. f4 {[%emt 0:07:27]} Bg4 {[%emt 0:10:43]} 6. h3 {[%emt 0:01:39]} Bf3 {[%emt 0:00:43]} 7. Rh2 {[%emt 0:00:57]} d4 {[%emt 0:02:21]} 8. d3 {[%emt 0:01:37]} g5 {[%emt 0:11:09]} 9. Nd2 {[%emt 0:03:09]} Bd5 {[%emt 0:00:33]} 10. Bg2 {[%emt 0:16:18]} gxf4 {[%emt 0:05:40]} 11. gxf4 {[%emt 0:01:21]} e6 {[%emt 0:00:15]} 12. Ng3 {[%emt 0:03:04]} Be7 {[%emt 0:04:03]} 13. Be4 {[%emt 0:14:10]} Bh4 {[%emt 0:01:32]} 14. Rg2 {[%emt 0:01:07]} Nge7 {[%emt 0:01:33]} 15. Nf3 {[%emt 0:01:53]} Ng6 {[%emt 0:01:53]} 16. Nxh4 {[%emt 0:01:30]} Qxh4 {[%emt 0:04:33]} 17. Qg4 {[%emt 0:00:16]} Bxe4 {[%emt 0:00:03]} 18. dxe4 {[%emt 0:00:12]} Rg8 {[%emt 0:00:24]} 19. Kd1 {[%emt 0:03:48]} Qxg4+ {[%emt 0:00:50]} 20. hxg4 {[%emt 0:00:08]} Nh4 {[%emt 0:00:08]} 21. Rh2 {[%emt 0:04:01]} Rxg4 {[%emt 0:00:22]} 22. Nh5 {[%emt 0:00:30]} O-O-O {[%emt 0:00:26]} 23. Rh1 {[%emt 0:02:12]} d3 {[%emt 0:05:38]} 24. cxd3 {[%emt 0:03:13]} Rxd3+ {[%emt 0:04:27]} 25. Ke2 {[%emt 0:01:16]} c4 {[%emt 0:02:52]} 26. Be3 {[%emt 0:01:28]} Rg2+ {[%emt 0:03:57]} 27. Bf2 {[%emt 0:01:03]} Nd4+ {[%emt 0:00:13]} 28. Kf1 {[%emt 0:00:15]} Rf3 {[%emt 0:00:10]} 0-1

[Event "11th LCC FIDE Open 2019"]
[Site "London"]
[Date "2019.12.03"]
[Round "6.43"]
[White "Marzano, Carlo"]
[Black "Penna, Tommaso"]
[Result "0-1"]
[WhiteElo "2128"]
[BlackElo "2027"]
[Annotator "TA"]
[PlyCount "70"]
[EventDate "2019.11.29"]
[EventType "swiss"]
[EventCountry "ENG"]
[SourceTitle "playchess.com"]
[Source "ChessBase"]
[SourceQuality "1"]

{[%evp 16,96,43,29,31,36,45,24,43,39,34,20,33,9,31,22,62,39,27,2,20,-3,0,-10,-16,-64,-32,-126,-119,-119,-141,-105,17,41,93,-295,-288,-312,-289,-302,-299,-288,-261,-270,-276,-264,-254,-248,-248,-308,-302,-309,-304,-327,-287,-292,-287,-441,-414,-402,-373,-373,-373,-373,-341,-337,-279,-279,-279,-269,-260,-522,-547,-602,-591,-723,-633,-588,-548,-523,-531,-29968,-6713]} 1. d4 Nf6 2. Nf3 e6 3. c4 c5 4. d5 exd5 5. cxd5 d6 6. Nc3 g6 7. Bf4 a6 8. a4 Bg7 9. e3 Bg4 {A61: Modern Benoni: Nf3 without early e4} 10. Be2 O-O 11. O-O Bxf3 {White has an edge.} 12. Bxf3 Qe7 13. Qd2 $146 ({Predecessor:} 13. Rb1 Nbd7 14. Qd2 Rfc8 15. Rfc1 Ne5 16. Rc2 Rab8 17. Be2 {1-0 (50) Aleksandrov,A (2588)-Bharath,S (2383) Taleigao 2019}) 13... Nbd7 14. a5 Rab8 15. Be2 Ne5 16. Rfb1 Nfd7 17. Na4 g5 18. Bg3 f5 19. Ra3 Ng6 {...f4 is the strong threat.} 20. f4 Rbe8 {aiming for ...gxf4.} 21. Bc4 (21. Bd3 $15) 21... Nf6 $17 22. Nxc5 {[#] And now Qd3 would win.} gxf4 $1 23. exf4 {Threatens to win with Qd3.} Ne4 ({Black should try} 23... Qc7 $17 24. b4 Kh8) 24. Nxe4 $11 Qxe4 {[#]} ({Black should play} 24... fxe4 $14 25. Rf1 Bh6) 25. Rc1 $2 {[%mdl 8192]} (25. Bd3 $1 $16 {[%cal Rd3e4] and life is bright.} Qd4+ 26. Kh1) 25... Qd4+ $19 26. Qxd4 Bxd4+ 27. Kf1 Bxb2 {[%mdl 64] Double Attack} 28. Rca1 Rc8 ({Much less strong is} 28... Bxa3 29. Rxa3 Re4 30. Bd3 $19) 29. Be2 Bxa3 ({Don't do} 29... Bxa1 30. Rxa1 Rf7 31. Ra3 $19) 30. Rxa3 Rc1+ 31. Kf2 Rc2 32. Re3 Kf7 33. Kf3 Re8 34. Bd3 Rxe3+ 35. Kxe3 {[%mdl 4096] Endgame KRN-KB} Ra2 {Played: Rc2-c5} 0-1

[Event "11th LCC FIDE Open 2019"]
[Site "London"]
[Date "2019.12.03"]
[Round "6.44"]
[White "Willmoth, Robert F"]
[Black "Nelson, Omowale A"]
[Result "1-0"]
[WhiteElo "2108"]
[BlackElo "1924"]
[Annotator "TA"]
[PlyCount "111"]
[EventDate "2019.11.29"]
[EventType "swiss"]
[EventCountry "ENG"]
[SourceTitle "playchess.com"]
[Source "ChessBase"]
[SourceQuality "1"]

{[%evp 9,111,-22,-10,-24,13,0,39,32,40,18,6,27,33,28,46,0,48,41,57,52,72,72,104,62,312,312,309,278,278,278,278,269,272,271,275,272,315,273,342,271,336,285,445,445,532,449,495,360,407,405,385,315,300,314,301,282,284,270,276,291,302,295,289,272,308,297,288,267,259,247,250,230,298,295,417,400,526,522,586,583,588,587,579,574,576,505,560,555,553,553,552,552,552,516,1539,1438,29975,29976,29975,29976,29976,29977,29977,29969]} 1. d4 d5 2. Nf3 Nf6 3. Bg5 Bf5 4. Bxf6 (4. c3 c6 5. Bxf6 exf6 6. e3 Bd6 7. Bd3 Be6 8. Qc2 g6 9. Nbd2 f5 10. c4 Nd7 11. O-O O-O 12. a3 Nf6 13. cxd5 Bxd5 14. Bc4 Re8 {½-½ (72) Ghaem Maghami,E (2554)-Vitiugov,N (2734) Khanty-Mansiysk 2013}) 4... exf6 5. c4 Bb4+ 6. Nc3 {D03: 1 d4 d5 2 Nf3 Nf6 3 Bg5, including Torre Attack with early ...d5} O-O 7. e3 c6 8. Qb3 {White is slightly better.} Qa5 9. cxd5 cxd5 10. Be2 Nc6 $146 ({Predecessor:} 10... Nd7 11. O-O Bxc3 12. bxc3 {1-0 (46) Pektas,Y (1934)-Caglar,I (1631) Finik 2017}) 11. O-O Be6 12. Rfd1 Rfd8 13. Rac1 Rd7 14. Ne1 a6 15. Nd3 Rc7 16. Na4 Rac8 $2 {[#]} ({Better is} 16... Bd6 $1 $14) 17. Rxc6 $1 $18 {[%mdl 512]} Rxc6 (17... bxc6 18. Nxb4) 18. Qxb4 Qxb4 19. Nxb4 Rd6 20. Nc3 a5 21. Nd3 Rb6 22. Rd2 g5 23. g3 Kf8 24. f3 Ke7 25. e4 Kd6 (25... Rd6 {might work better.} 26. Ne1 (26. Nxd5+ Bxd5 27. exd5 Rxd5 $18) 26... Rcd8) 26. Nc5 Rb8 27. Bb5 Rd8 28. Ba4 Ke7 29. exd5 Bxd5 30. Nxd5+ Rxd5 31. Bb3 Rd8 32. d5 f5 33. Kf2 Kd6 34. Nd3 Re8 35. f4 f6 36. Bc4 Re4 37. b3 a4 38. Nb2 axb3 39. axb3 ({Don't play} 39. Bxb3 $6 Rbb4 $16) 39... Rb4 40. Nd3 Rb6 41. Kf3 g4+ (41... Rd4 $142 42. Re2 h6 43. Re6+ Kc7) 42. Kf2 Re8 43. Ne1 Kc5 44. Nc2 Rd6 45. Nd4 Rdd8 46. Nb5 Re4 47. Ra2 Rxc4 48. bxc4 Kxc4 {[%mdl 4096] Endgame KRN-KR} 49. Nc7 Rd7 {intending ...Kb3.} 50. Rc2+ Kd3 51. Rc1 Ke4 (51... Kd2 $142) 52. Ke2 {[%cal Rc1c4] [#]} b5 53. Nxb5 {White mates.} Kxd5 54. Rd1+ Ke6 55. Rxd7 Kxd7 56. Kd3 {Accuracy: White = 71%, Black = 25%.} 1-0

[Event "11th LCC FIDE Open 2019"]
[Site "London"]
[Date "2019.12.03"]
[Round "6.45"]
[White "Marusenko, Petr"]
[Black "Gaier, Walter"]
[Result "1-0"]
[WhiteElo "2085"]
[BlackElo "1750"]
[Annotator "NA"]
[PlyCount "69"]
[EventDate "2019.11.29"]
[EventType "swiss"]
[EventCountry "ENG"]
[SourceTitle "playchess.com"]
[Source "ChessBase"]
[SourceQuality "1"]
[TimeControl "40/5400+30:1800+30"]

1. d4 {[%emt 0:03:25]} d5 {[%emt 0:03:30]} 2. c4 {[%emt 0:00:05]} e5 {[%emt 0:00:00]} 3. dxe5 {[%emt 0:00:08]} d4 {[%emt 0:00:00]} 4. Nf3 {[%emt 0:00:08]} c5 {[%emt 0:00:11]} 5. e3 {[%emt 0:02:25]} Nc6 {[%emt 0:00:12]} 6. exd4 {[%emt 0:00:05]} cxd4 {[%emt 0:00:09]} 7. Bd3 {[%emt 0:00:07]} f6 {[%emt 0:03:16]} 8. O-O {[%emt 0:12:29]} Bg4 {[%emt 0:03:46]} 9. Re1 {[%emt 0:16:12]} Be7 {[%emt 0:00:18]} 10. e6 {[%emt 0:02:15]} Qa5 {[%emt 0:04:50]} 11. Nbd2 {[%emt 0:05:25]} O-O-O {[%emt 0:08:57]} 12. a3 {[%emt 0:04:53]} Ne5 {[%emt 0:00:58]} 13. Be4 {[%emt 0:09:38]} Bxe6 {[%emt 0:12:24]} 14. Nb3 {[%emt 0:03:33]} Qa4 {[%emt 0:12:45]} 15. Bf4 {[%emt 0:04:53]} Bd6 {[%emt 0:14:36]} 16. Bxb7+ {[%emt 0:16:44]} Kb8 {[%emt 0:00:14]} 17. Bd5 {[%emt 0:00:36]} Bg4 {[%emt 0:02:00]} 18. Nbxd4 {[%emt 0:06:55]} Qxd1 {[%emt 0:01:08]} 19. Raxd1 {[%emt 0:00:22]} Ne7 {[%emt 0:00:43]} 20. Bxe5 {[%emt 0:02:19]} fxe5 {[%emt 0:05:57]} 21. Ne6 {[%emt 0:01:43]} Rd7 {[%emt 0:03:21]} 22. Rd3 {[%emt 0:00:55]} Nxd5 {[%emt 0:02:08]} 23. cxd5 {[%emt 0:00:24]} Re8 {[%emt 0:03:48]} 24. Neg5 {[%emt 0:00:11]} Bf5 {[%emt 0:08:26]} 25. Rde3 {[%emt 0:01:16]} h6 {[%emt 0:02:27]} 26. Nxe5 {[%emt 0:02:15]} Bxe5 {[%emt 0:01:39]} 27. Rxe5 {[%emt 0:00:02]} Rxe5 {[%emt 0:01:53]} 28. Rxe5 {[%emt 0:00:02]} Bg4 {[%emt 0:01:27]} 29. f3 {[%emt 0:00:40]} Bh5 {[%emt 0:00:22]} 30. Ne4 {[%emt 0:00:22]} Bf7 {[%emt 0:00:38]} 31. d6 {[%emt 0:00:12]} Bg6 {[%emt 0:02:03]} 32. Rd5 {[%emt 0:01:29]} Kc8 {[%emt 0:01:18]} 33. Nc5 {[%emt 0:00:41]} Rd8 {[%emt 0:00:10]} 34. d7+ {[%emt 0:00:12]} Kb8 {[%emt 0:00:54]} 35. Ne6 {[%emt 0:00:11]} 1-0

[Event "11th LCC FIDE Open 2019"]
[Site "London"]
[Date "2019.12.03"]
[Round "6.46"]
[White "Gopakumar, Siddharth"]
[Black "Wilks, Simon"]
[Result "1/2-1/2"]
[WhiteElo "1848"]
[BlackElo "2071"]
[Annotator "NA"]
[PlyCount "67"]
[EventDate "2019.11.29"]
[EventType "swiss"]
[EventCountry "ENG"]
[SourceTitle "playchess.com"]
[Source "ChessBase"]
[SourceQuality "1"]
[TimeControl "40/5400+30:1800+30"]

1. Nf3 {[%emt 1:23:40]} Nf6 {[%emt 0:03:58]} 2. c4 {[%emt 0:00:58]} e6 {[%emt 0:00:19]} 3. Nc3 {[%emt 0:00:23]} Bb4 {[%emt 0:00:37]} 4. g3 {[%emt 0:04:27]} O-O {[%emt 0:00:59]} 5. Bg2 {[%emt 0:00:06]} d5 {[%emt 0:00:56]} 6. cxd5 {[%emt 0:00:13]} exd5 {[%emt 0:00:08]} 7. d4 {[%emt 0:00:24]} c6 {[%emt 0:00:48]} 8. O-O {[%emt 0:00:25]} h6 {[%emt 0:01:05]} 9. Qc2 {[%emt 0:04:40]} Re8 {[%emt 0:01:15]} 10. a3 {[%emt 0:03:53]} Bd6 {[%emt 0:01:18]} 11. Re1 {[%emt 0:00:27]} Nbd7 {[%emt 0:00:55]} 12. e4 {[%emt 0:02:13]} Nxe4 {[%emt 0:01:38]} 13. Nxe4 {[%emt 0:00:37]} dxe4 {[%emt 0:00:05]} 14. Rxe4 {[%emt 0:00:11]} Rxe4 {[%emt 0:00:20]} 15. Qxe4 {[%emt 0:00:05]} Nf6 {[%emt 0:00:11]} 16. Qd3 {[%emt 0:02:34]} Be6 {[%emt 0:01:12]} 17. Nd2 {[%emt 0:01:32]} Be7 {[%emt 0:05:40]} 18. Ne4 {[%emt 0:01:02]} Bd5 {[%emt 0:00:37]} 19. Nc3 {[%emt 0:10:38]} Bxg2 {[%emt 0:01:11]} 20. Kxg2 {[%emt 0:00:01]} Qd7 {[%emt 0:00:55]} 21. Be3 {[%emt 0:00:56]} Rd8 {[%emt 0:01:39]} 22. b4 {[%emt 0:14:01]} b6 {[%emt 0:04:29]} 23. Qc4 {[%emt 0:03:51]} Nd5 {[%emt 0:03:38]} 24. Rc1 {[%emt 0:02:09]} Qe6 {[%emt 0:02:41]} 25. Nxd5 {[%emt 0:01:57]} cxd5 {[%emt 0:00:07]} 26. Qc7 {[%emt 0:01:43]} Rd7 {[%emt 0:02:55]} 27. Qc8+ {[%emt 0:01:04]} Kh7 {[%emt 0:00:21]} 28. Rc7 {[%emt 0:00:29]} Rxc7 {[%emt 0:01:19]} 29. Qxc7 {[%emt 0:00:02]} a6 {[%emt 0:00:40]} 30. Bf4 {[%emt 0:07:03]} g5 {[%emt 0:12:19]} 31. Be5 {[%emt 0:08:37]} f6 {[%emt 0:00:55]} 32. Qc2+ {[%emt 0:00:06]} Kg7 {[%emt 0:00:06]} 33. Bb8 {[%emt 0:00:31]} Bd8 {[%emt 0:02:09]} 34. a4 {[%emt 0:02:25]} 1/2-1/2